[Event "Open Pasqua"]
[Site "Arco ITA"]
[Date "2015.04.09"]
[Round "4"]
[White "Medancic, Rikard"]
[Black "Dappiano, Andrea"]
[WhiteElo "2258"]
[BlackElo "2255"]
[Result "0-1"]
[PlyCount "68"]
[EventDate "2015.04.07"]

1. d4 e6 2. Nf3 c5 3. c4 cxd4 4. Nxd4 Nf6 5. g3 d5 6. Bg2 e5 7. Nf3 d4 8. O-O
Nc6 9. e3 Be7 10. exd4 exd4 11. b3 O-O 12. Re1 Bg4 13. h3 Be6 14. Bb2 Bc5 15.
Ne5 Nxe5 16. Rxe5 Qd6 17. Rxc5 Qxc5 18. Ba3 Qa5 19. Bxf8 Rxf8 20. Nd2 b5 21.
Bf1 a6 22. cxb5 axb5 23. Nf3 Rd8 24. Ne5 Qc7 25. Nd3 Ne4 26. Rc1 Qd6 27. Qc2
Nc3 28. Nf4 Bc8 29. Ne2 b4 30. Nxc3 bxc3 31. Qd3 Bb7 32. Be2 Re8 33. Rc2 Be4
34. Qb5 Rb8 0-1

[Event "Open Pasqua"]
[Site "Arco ITA"]
[Date "2015.04.09"]
[Round "4"]
[White "Molnar, Bela"]
[Black "De Santis, Alessio"]
[WhiteElo "2285"]
[BlackElo "2284"]
[Result "1-0"]
[PlyCount "97"]
[EventDate "2015.04.07"]

1. e4 b6 2. d4 Bb7 3. Bd3 Nf6 4. f3 d6 5. Ne2 e5 6. c4 Be7 7. Nbc3 O-O 8. Be3
c5 9. d5 Bc8 10. Qd2 Na6 11. a3 Nc7 12. b4 Nce8 13. O-O g6 14. Bc2 Ng7 15. Ba4
Bd7 16. bxc5 bxc5 17. Rab1 Bxa4 18. Nxa4 Qc7 19. Rb5 Nd7 20. Rfb1 Rfb8 21. Nec3
a6 22. R5b3 Rxb3 23. Rxb3 Rb8 24. Qb2 Rxb3 25. Qxb3 Bd8 26. Nb2 Qb6 27. Qa4 Nb8
28. Nd3 g5 29. g4 f6 30. Kf2 Kf7 31. Ke2 h5 32. h3 h4 33. Kd1 Ne8 34. Kc2 Nc7
35. Nb4 Be7 36. Nc6 Kf8 37. Nxb8 Qxb8 38. Qc6 Qa7 39. Na4 Na8 40. Bd2 Kf7 41.
Ba5 Kf8 42. Nc3 Kf7 43. Na4 Bf8 44. Nc3 Ke7 45. Nd1 Qd7 46. Ne3 Qxc6 47. dxc6
Ke6 48. Nd5 Be7 49. c7 1-0

[Event "Open Pasqua"]
[Site "Arco ITA"]
[Date "2015.04.09"]
[Round "4"]
[White "Taufer, Livio"]
[Black "Lezzerini, Marco"]
[WhiteElo "1739"]
[BlackElo "2101"]
[Result "0-1"]
[PlyCount "58"]
[EventDate "2015.04.07"]

1. d4 b6 2. Nf3 Bb7 3. e3 e6 4. b3 Nf6 5. Nbd2 d5 6. Bb2 Bd6 7. c4 c5 8. Bd3
Nc6 9. Ne5 O-O 10. O-O Qc7 11. f4 Ne7 12. Rc1 Ne4 13. cxd5 exd5 14. Bxe4 dxe4
15. Ndc4 Nd5 16. Qe2 Be7 17. dxc5 Bxc5 18. Ba3 Rfd8 19. Rfe1 Nxf4 20. Qb2 Nd3
21. Nxd3 exd3 22. Bxc5 Qxc5 23. Nd2 Qd5 24. e4 Qd6 25. Re3 Rac8 26. Rxc8 Rxc8
27. Nc4 Qc5 28. Qe5 Qxe5 29. Nxe5 d2 0-1

[Event "Open Pasqua"]
[Site "Arco ITA"]
[Date "2015.04.10"]
[Round "5"]
[White "Bernardi, Ruben"]
[Black "Engl, Alexander"]
[WhiteElo "2135"]
[BlackElo "1781"]
[Result "1-0"]
[PlyCount "111"]
[EventDate "2015.04.07"]

1. e4 e6 2. d4 d5 3. Nd2 Nf6 4. e5 Nfd7 5. c3 c5 6. Bd3 Nc6 7. Ne2 cxd4 8. cxd4
f6 9. Nf4 Nxd4 10. Qh5+ Ke7 11. Ng6+ hxg6 12. exf6+ Kxf6 13. Qxh8 Kf7 14. O-O
Qf6 15. Nb3 Nxb3 16. axb3 Nc5 17. Bc2 e5 18. b4 Ne6 19. Bb3 Nc7 20. Be3 Be6 21.
Rxa7 Rxa7 22. Bxa7 Bxb4 23. Bb6 Bd6 24. Ba4 Qe7 25. Rc1 Na6 26. Rc3 e4 27. Bd4
Qf8 28. Qh7 Nc5 29. Bc2 b5 30. b4 Nd7 31. Rc6 Ne5 32. Ra6 Qc8 33. Ra7+ Bd7 34.
Qh3 Kg8 35. Qb3 Be6 36. Qb2 Qb8 37. Qa1 Kh7 38. Ra6 Nf7 39. Bxg7 Bxh2+ 40. Kh1
Bd6 41. Ra8 Qc7 42. Bh8 Kh6 43. Qg7+ Kh5 44. Rg8 Ne5 45. Qxc7 Bxc7 46. Bxe5
Bxg8 47. Bxc7 Kg5 48. Be5 Kf5 49. Bd4 g5 50. Kg1 Bf7 51. Kf1 g4 52. Ke2 Bh5 53.
Ke3 Kg5 54. Bb3 Bf7 55. Be5 Kf5 56. Kd4 1-0

[Event "Open Pasqua"]
[Site "Arco ITA"]
[Date "2015.04.10"]
[Round "5"]
[White "Bruno, Fabio"]
[Black "Blasco, Domenico"]
[WhiteElo "2418"]
[BlackElo "1855"]
[Result "1-0"]
[PlyCount "71"]
[EventDate "2015.04.07"]

1. Nf3 Nf6 2. c4 c6 3. d4 d5 4. Nc3 g6 5. e3 Bg7 6. b4 O-O 7. Bb2 h6 8. h3 Be6
9. cxd5 cxd5 10. Bd3 Qb6 11. a3 Nc6 12. Rc1 Nd7 13. O-O Rfc8 14. Nd2 Qd8 15.
Qf3 Nf6 16. Qe2 Qd7 17. Na4 Bf5 18. Nc5 Bxd3 19. Qxd3 Qf5 20. Qxf5 gxf5 21.
Nxb7 Rab8 22. Nc5 a5 23. Nd3 axb4 24. axb4 Ne4 25. Nb3 Nd6 26. Bc3 Nc4 27. Nbc5
f4 28. Nxf4 e6 29. Nfd3 Bf8 30. Ra1 Nd6 31. Rfb1 Nb5 32. Be1 Bg7 33. Ra6 e5 34.
dxe5 Nxe5 35. Nxe5 Bxe5 36. Nd7 1-0

[Event "Open Pasqua"]
[Site "Arco ITA"]
[Date "2015.04.10"]
[Round "5"]
[White "Cluyts, Marc"]
[Black "Popa, Claudiu"]
[WhiteElo "1941"]
[BlackElo "2114"]
[Result "0-1"]
[PlyCount "114"]
[EventDate "2015.04.07"]

1. e4 e5 2. Nf3 Nc6 3. Bc4 Nf6 4. d3 Be7 5. O-O O-O 6. c3 d6 7. Bb3 Na5 8. Bc2
c5 9. Nbd2 Qc7 10. Re1 Re8 11. Nf1 Bd7 12. Ne3 Bf8 13. Nd5 Nxd5 14. exd5 Rac8
15. Qe2 b5 16. Nh4 Qd8 17. Qe4 g6 18. g3 f5 19. Qg2 Bg7 20. f4 b4 21. fxe5 Bxe5
22. Nf3 Bf6 23. Rxe8+ Bxe8 24. Bd2 bxc3 25. Bxc3 Bf7 26. Bxa5 Qxa5 27. Bb3 Re8
28. Qf2 Qb5 29. Rd1 a5 30. Rd2 a4 31. Bc4 Qb7 32. d4 Bxd5 33. Bxd5+ Qxd5 34.
dxc5 Qxc5 35. Qxc5 dxc5 36. b3 axb3 37. axb3 Re3 38. Rd6 Rxf3 39. Rxf6 Rxb3 40.
Rc6 Rc3 41. Kf2 Kg7 42. Rc7+ Kh6 43. h4 c4 44. Kg2 Rc1 45. Kf2 c3 46. Kg2 c2
47. Kh2 Kh5 48. Rxh7+ Kg4 49. Rc7 Kf3 50. Rc3+ Ke2 51. Rc8 Kd3 52. Rd8+ Ke3 53.
Rc8 Rf1 54. Rxc2 Rf2+ 55. Rxf2 Kxf2 56. Kh3 Kg1 57. g4 f4 0-1

[Event "Open Pasqua"]
[Site "Arco ITA"]
[Date "2015.04.10"]
[Round "5"]
[White "Csiki, Endre"]
[Black "Medancic, Rikard"]
[WhiteElo "1712"]
[BlackElo "2258"]
[Result "0-1"]
[PlyCount "70"]
[EventDate "2015.04.07"]

1. e4 c5 2. Nf3 e6 3. c4 d6 4. Nc3 e5 5. d3 Nc6 6. Be2 g6 7. a3 Bg7 8. O-O Nge7
9. Rb1 O-O 10. b4 f5 11. Nd5 f4 12. b5 Nxd5 13. cxd5 Nd4 14. Nxd4 exd4 15. Bd2
Be5 16. a4 Qh4 17. f3 Bd7 18. Qe1 Qe7 19. g3 Bh3 20. gxf4 Bxf4 21. Bxf4 Rxf4
22. Rf2 Raf8 23. Rb2 Qf6 24. Bd1 Qh4 25. Qd2 Bg4 26. fxg4 Rxf2 27. Qxf2 Rxf2
28. Rxf2 Qg5 29. Kf1 Qc1 30. Ke1 Qe3+ 31. Be2 c4 32. Rf3 Qc1+ 33. Kf2 c3 34. e5
c2 35. exd6 Qg5 0-1

[Event "Open Pasqua"]
[Site "Arco ITA"]
[Date "2015.04.10"]
[Round "5"]
[White "Dappiano, Andrea"]
[Black "Molnar, Bela"]
[WhiteElo "2255"]
[BlackElo "2285"]
[Result "0-1"]
[PlyCount "62"]
[EventDate "2015.04.07"]

1. e4 e6 2. d3 d5 3. Nd2 c5 4. g3 g6 5. Bg2 Bg7 6. Ngf3 Nc6 7. O-O Nge7 8. Re1
b6 9. h4 h6 10. c3 Bb7 11. exd5 Nxd5 12. a4 O-O 13. Nc4 Qc7 14. Qb3 Ba6 15. Bd2
Rad8 16. Rad1 Kh7 17. Bc1 Rfe8 18. Na3 e5 19. Nb5 Qd7 20. Nd2 Re7 21. Nc4 f5
22. h5 gxh5 23. Nbd6 Nf6 24. Bh3 Ng4 25. f3 Qe6 26. Nxf5 Qxf5 27. fxg4 Qf3 28.
Bg2 Qxg3 29. Ne3 Bxd3 30. Nf5 Bxf5 31. gxf5 Nd4 0-1

[Event "Open Pasqua"]
[Site "Arco ITA"]
[Date "2015.04.10"]
[Round "5"]
[White "De Santis, Alessio"]
[Black "La Manna, Andrea"]
[WhiteElo "2284"]
[BlackElo "2193"]
[Result "1/2-1/2"]
[PlyCount "60"]
[EventDate "2015.04.07"]

1. d4 d6 2. Bg5 g6 3. e4 Bg7 4. c3 h6 5. Be3 Nf6 6. f3 Nbd7 7. Nh3 e5 8. d5 Qe7
9. Qd2 c6 10. c4 c5 11. Nc3 Nf8 12. Nf2 g5 13. O-O-O Ng6 14. g3 Nh7 15. Bd3 O-O
16. Qc2 Qf6 17. Be2 Qd8 18. g4 Re8 19. Nd3 Nf4 20. h4 Ng2 21. Bf2 Nxh4 22. Rh2
Nf8 23. Rdh1 Nhg6 24. Nd1 a6 25. Be1 Nd7 26. Ne3 Nf6 27. Kb1 Rb8 28. Nc1 Nf4
29. Bf1 Bd7 30. Ne2 Nxe2 1/2-1/2

[Event "Open Pasqua"]
[Site "Arco ITA"]
[Date "2015.04.10"]
[Round "5"]
[White "Lezzerini, Marco"]
[Black "Maddaloni, Giovanni"]
[WhiteElo "2101"]
[BlackElo "1605"]
[Result "1-0"]
[PlyCount "56"]
[EventDate "2015.04.07"]

1. d4 Nf6 2. c4 c5 3. d5 e5 4. Nc3 d6 5. e4 Be7 6. g3 Nbd7 7. h4 a6 8. a4 O-O
9. Bh3 Nb6 10. Qd3 h6 11. Kf1 Re8 12. Kg2 Bxh3+ 13. Nxh3 Nbd7 14. f3 b6 15. Be3
Ra7 16. Rag1 Bf8 17. Nf2 Nh5 18. Ne2 f5 19. exf5 Ndf6 20. g4 e4 21. fxe4 Nxe4
22. Nxe4 Rae7 23. N2c3 Nf6 24. Nxf6+ gxf6 25. Re1 Re5 26. Bf2 Qe7 27. Bg3 Re3
28. Rxe3 Qxe3 1-0

[Event "Open Pasqua"]
[Site "Arco ITA"]
[Date "2015.04.10"]
[Round "5"]
[White "Losonczi, Marcell"]
[Black "Modena, Giorgio"]
[WhiteElo "1719"]
[BlackElo "1947"]
[Result "0-1"]
[PlyCount "164"]
[EventDate "2015.04.07"]

1. e4 e6 2. d4 d5 3. Nc3 Nf6 4. e5 Nfd7 5. Nce2 c5 6. c3 Nc6 7. f4 Qb6 8. Nf3
Be7 9. h4 f6 10. a3 a5 11. Be3 c4 12. a4 Nd8 13. Qc2 Qc6 14. Rh3 Nb6 15. Rg3
Kf8 16. h5 f5 17. h6 g6 18. Neg1 Bd7 19. Nh3 Nf7 20. Nhg5 Nxg5 21. Nxg5 Bxg5
22. fxg5 Nxa4 23. Rf3 Ke7 24. g4 Rhf8 25. gxf5 Rxf5 26. Rxf5 exf5 27. Bg2 b5
28. Bf4 Be6 29. Bf3 Nb6 30. Qd2 Nd7 31. Kf2 Qb6 32. Ke3 Nb8 33. Qg2 Qc6 34. Qd2
Ra7 35. Qe1 Qb6 36. Kf2 Nc6 37. Qb1 Rb7 38. Bd1 b4 39. Bc2 Qa7 40. Qc1 b3 41.
Bd1 a4 42. Qd2 Rb5 43. Qe2 Ra5 44. Bc1 Qa8 45. Qd2 Qa6 46. Bf3 Na7 47. Bd1 Nb5
48. Kg3 a3 49. bxa3 Nxa3 50. Bb2 Nb5 51. Rxa5 Qxa5 52. Qc1 Na7 53. Qa1 Qxa1 54.
Bxa1 Nc8 55. Bb2 Nb6 56. Ba3+ Kf7 57. Kf4 Bd7 58. Bc1 Ba4 59. Bb2 Na8 60. Bf3
Nc7 61. Kg3 Bc6 62. Kh4 Ne6 63. Ba1 Nf4 64. Kg3 Nd3 65. Bd1 b2 66. Bxb2 Nxb2
67. Bc2 Na4 68. Kf4 Nxc3 69. e6+ Kxe6 70. Bxf5+ Kf7 71. Bc2 Nb5 72. Ba4 Nxd4
73. Bd1 c3 74. Ke3 c2 75. Bxc2 Nxc2+ 76. Kd3 Ba4 77. Kc3 Ke6 78. Kd2 Ke5 79.
Kd3 d4 80. Kd2 Ke4 81. Ke2 d3+ 82. Kd2 Nd4 0-1

[Event "Open Pasqua"]
[Site "Arco ITA"]
[Date "2015.04.11"]
[Round "6"]
[White "Engl, Alexander"]
[Black "Valenti, Giuseppe"]
[WhiteElo "1781"]
[BlackElo "2052"]
[Result "1/2-1/2"]
[PlyCount "110"]
[EventDate "2015.04.07"]

1. e4 c5 2. d4 cxd4 3. c3 Nf6 4. e5 Nd5 5. cxd4 d6 6. exd6 Qxd6 7. Nc3 Nc6 8.
Nf3 Bg4 9. Be2 e6 10. O-O Be7 11. Nb5 Qd8 12. Ne5 Bxe2 13. Qxe2 O-O 14. Rd1 a6
15. Nc3 Rc8 16. Qf3 Ndb4 17. Nxc6 bxc6 18. Qe2 Qb6 19. Be3 Nd5 20. Rac1 Qa5 21.
Qc4 h6 22. Na4 Qb5 23. Qxb5 cxb5 24. Nc5 Rc6 25. a3 a5 26. Bd2 a4 27. Nd3 Rfc8
28. Rxc6 Rxc6 29. Rc1 Rc4 30. Rxc4 bxc4 31. Ne5 c3 32. Bc1 cxb2 33. Bxb2 Nb6
34. Nc6 Bd6 35. Na5 Kf8 36. Kf1 Ke7 37. h3 f6 38. Ke2 e5 39. dxe5 fxe5 40. Kd3
Ke6 41. Nc4 Bc7 42. Nxb6 Bxb6 43. f4 exf4 44. Bxg7 h5 45. Ke4 Bc7 46. Bb2 Bd6
47. Bc1 Kf6 48. Kd5 Bf8 49. Kc4 Kf5 50. Kb5 Ke4 51. Kxa4 h4 52. Kb5 Bxa3 53.
Bxa3 f3 54. gxf3+ Kxf3 55. Bd6 Kg2 1/2-1/2

[Event "Open Pasqua"]
[Site "Arco ITA"]
[Date "2015.04.11"]
[Round "6"]
[White "Engl, Stefan"]
[Black "Weinberg, Emanuele"]
[WhiteElo "1976"]
[BlackElo "1745"]
[Result "1-0"]
[PlyCount "69"]
[EventDate "2015.04.07"]

1. e4 Nf6 2. e5 Nd5 3. d4 d6 4. c4 Nb6 5. exd6 exd6 6. Nc3 Nc6 7. d5 Ne5 8. Be2
Be7 9. f4 Ng6 10. Nf3 O-O 11. O-O Re8 12. Nd4 Bd7 13. b3 c5 14. Nc2 Bf6 15. Bb2
Bf5 16. Qd2 Qd7 17. Rae1 Re7 18. Bd1 Rae8 19. Rxe7 Rxe7 20. Re1 Bxc2 21. Bxc2
Nxf4 22. Rf1 Bd4+ 23. Kh1 Be3 24. Qd1 Ng6 25. Ne4 Bh6 26. Qh5 Be3 27. Ng3 Bd4
28. Bxd4 cxd4 29. Nf5 Re5 30. Qg4 Kf8 31. Qxd4 f6 32. Qc3 Nc8 33. Qh3 Kg8 34.
Nh6+ Kf8 35. Qc3 1-0

[Event "Open Pasqua"]
[Site "Arco ITA"]
[Date "2015.04.11"]
[Round "6"]
[White "Lezzerini, Marco"]
[Black "Bruno, Fabio"]
[WhiteElo "2101"]
[BlackElo "2418"]
[Result "0-1"]
[PlyCount "76"]
[EventDate "2015.04.07"]

1. d4 Nf6 2. c4 e6 3. Nc3 Bb4 4. a3 Bxc3+ 5. bxc3 c5 6. f3 d5 7. cxd5 exd5 8.
e3 O-O 9. Bd3 b6 10. Ne2 Re8 11. O-O Ba6 12. Ng3 Bxd3 13. Qxd3 Nc6 14. Bb2 c4
15. Qe2 Re6 16. Rae1 b5 17. e4 Qb6 18. Qf2 Rf8 19. e5 Ne8 20. f4 f5 21. Kh1 a5
22. Rg1 Nc7 23. Ne2 Ne7 24. g4 fxg4 25. Rxg4 Rg6 26. Reg1 Rxg4 27. Rxg4 Qe6 28.
Rg1 Qf5 29. Qg2 g6 30. Ng3 Qd3 31. Nh5 Nf5 32. Qg4 Ne8 33. Qg2 Kh8 34. Ng3 Nc7
35. Re1 Nh4 36. Qf1 Qd2 37. Bc1 Qxc3 38. Ne2 Qd3 0-1

[Event "Open Pasqua"]
[Site "Arco ITA"]
[Date "2015.04.11"]
[Round "6"]
[White "Medancic, Rikard"]
[Black "De Santis, Alessio"]
[WhiteElo "2258"]
[BlackElo "2284"]
[Result "1/2-1/2"]
[PlyCount "20"]
[EventDate "2015.04.07"]

1. d4 Nf6 2. c4 e6 3. Nc3 Bb4 4. Nf3 b6 5. g3 Bb7 6. Bg2 Ne4 7. Bd2 Bxc3 8.
Bxc3 Nxc3 9. bxc3 Nc6 10. O-O Na5 1/2-1/2

[Event "Open Pasqua"]
[Site "Arco ITA"]
[Date "2015.04.11"]
[Round "6"]
[White "Modena, Giorgio"]
[Black "Dappiano, Andrea"]
[WhiteElo "1947"]
[BlackElo "2255"]
[Result "0-1"]
[PlyCount "62"]
[EventDate "2015.04.07"]

1. e4 d6 2. d4 Nf6 3. Bd3 e5 4. c3 d5 5. dxe5 Nxe4 6. Bxe4 dxe4 7. Qxd8+ Kxd8
8. Bf4 h6 9. Nd2 g5 10. Bg3 Bf5 11. O-O-O Nd7 12. Ne2 Kc8 13. Nd4 Bg6 14. Rde1
Nc5 15. Re3 Bg7 16. b4 Nd3+ 17. Kd1 Nxe5 18. f3 f5 19. Bxe5 Bxe5 20. fxe4 fxe4
21. Nxe4 Rd8 22. Nc5 Bxd4 23. cxd4 Rxd4+ 24. Kc1 Rxb4 25. Re6 Rc4+ 26. Kd2 Rxc5
27. Rxg6 b6 28. Rxh6 Kb7 29. h4 gxh4 30. R1xh4 Rg8 31. g4 Rcg5 0-1

[Event "Open Pasqua"]
[Site "Arco ITA"]
[Date "2015.04.11"]
[Round "6"]
[White "Molnar, Bela"]
[Black "La Manna, Andrea"]
[WhiteElo "2285"]
[BlackElo "2193"]
[Result "1/2-1/2"]
[PlyCount "33"]
[EventDate "2015.04.07"]

1. e4 d5 2. exd5 Nf6 3. d4 Nxd5 4. c4 Nb6 5. Nf3 g6 6. Nc3 Bg7 7. c5 Nd5 8. Bc4
c6 9. Qb3 O-O 10. O-O Nxc3 11. bxc3 b5 12. cxb6 axb6 13. Ng5 e6 14. Ne4 Ba6 15.
Bxa6 Rxa6 16. Ba3 Re8 17. Bd6 1/2-1/2

[Event "Open Pasqua"]
[Site "Arco ITA"]
[Date "2015.04.11"]
[Round "6"]
[White "Popa, Claudiu"]
[Black "Bernardi, Ruben"]
[WhiteElo "2114"]
[BlackElo "2135"]
[Result "1/2-1/2"]
[PlyCount "62"]
[EventDate "2015.04.07"]

1. e4 e6 2. d4 d5 3. Nd2 Nf6 4. Bd3 c5 5. c3 Nc6 6. e5 Nd7 7. Ne2 cxd4 8. cxd4
f6 9. exf6 Nxf6 10. O-O Bd6 11. Nf3 O-O 12. Bf4 Bxf4 13. Nxf4 Ne4 14. Nh5 g6
15. Ng3 Nxg3 16. hxg3 Qb6 17. Qa4 a6 18. Qb3 Qxb3 19. axb3 Bd7 20. Rfe1 Rxf3
21. gxf3 Nxd4 22. Kg2 Nxb3 23. Ra3 Nd4 24. Rc3 Nc6 25. Rb3 b5 26. Ra1 Nd4 27.
Rba3 Rf8 28. f4 a5 29. Rd1 a4 30. Bxg6 Nb3 31. Bc2 b4 1/2-1/2

[Event "Open Pasqua"]
[Site "Arco ITA"]
[Date "2015.04.11"]
[Round "6"]
[White "Taufer, Livio"]
[Black "Pipitone, Antonio"]
[WhiteElo "1739"]
[BlackElo "1960"]
[Result "1/2-1/2"]
[PlyCount "104"]
[EventDate "2015.04.07"]

1. d4 Nf6 2. Nf3 d6 3. e3 g6 4. b3 Bg7 5. Bb2 Bg4 6. Nbd2 d5 7. Bd3 O-O 8. h3
Bxf3 9. Nxf3 Nbd7 10. O-O c6 11. c4 e6 12. Ne5 Nxe5 13. dxe5 Nd7 14. f4 Nc5 15.
Ba3 Qa5 16. Bxc5 Qxc5 17. Qf3 a5 18. Rac1 Qa3 19. cxd5 exd5 20. Bb1 a4 21. Rc3
Qb4 22. Rfc1 axb3 23. Rxb3 Qe7 24. Rcc3 Rfd8 25. Qd1 f6 26. exf6 Bxf6 27. Rd3
b5 28. Qc1 Ra6 29. Ra3 Rb6 30. Ra5 d4 31. Kh2 c5 32. exd4 Bxd4 33. Rxb5 Re6 34.
a4 Re1 35. Ba2+ Kh8 36. Qc4 Bg1+ 37. Kh1 Be3+ 38. Kh2 Bg1+ 39. Kh1 Be3+ 40. Kh2
Bxf4+ 41. Qxf4 Rxd3 42. Rb7 g5 43. Rxe7 gxf4 44. Rxe1 Ra3 45. Bd5 Rxa4 46. Re4
Rd4 47. Rxd4 cxd4 48. Be4 Kg7 49. g3 fxg3+ 50. Kxg3 h6 51. Kf4 Kf6 52. Bf5 h5
1/2-1/2

[Event "Open Pasqua"]
[Site "Arco ITA"]
[Date "2015.04.12"]
[Round "7"]
[White "Bernardi, Ruben"]
[Black "Medancic, Rikard"]
[WhiteElo "2135"]
[BlackElo "2258"]
[Result "1/2-1/2"]
[PlyCount "99"]
[EventDate "2015.04.07"]

1. e4 e5 2. Nf3 Nc6 3. Bc4 Be7 4. d4 d6 5. h3 Nf6 6. d5 Nb8 7. Bd3 c6 8. c4
cxd5 9. cxd5 O-O 10. Nc3 Na6 11. Be3 Bd7 12. Rc1 Qa5 13. O-O Rfc8 14. Nd2 Nc5
15. Be2 Na4 16. Nc4 Nxc3 17. Rxc3 Qd8 18. Qd3 b5 19. Nd2 Rxc3 20. Qxc3 Rc8 21.
Qb3 a6 22. Bd3 Qa5 23. Kh2 h6 24. a3 Bd8 25. f4 exf4 26. Bxf4 Nh5 27. Be3 Bg5
28. Bb1 Qd8 29. g4 Bxe3 30. Qxe3 Nf6 31. Qf4 Qe7 32. Bd3 Be8 33. Nf3 b4 34. g5
hxg5 35. Qxg5 bxa3 36. e5 dxe5 37. Nh4 Nxd5 38. Qf5 Qxh4 39. Qxc8 Qa4 40. bxa3
Kf8 41. Qc5+ Ne7 42. Qxe5 Qxa3 43. Re1 a5 44. Re2 f6 45. Qc7 Qb4 46. Qd8 Qf4+
47. Kg2 Qg5+ 48. Kh2 Qf4+ 49. Kg2 Qg5+ 50. Kh2 1/2-1/2

[Event "Open Pasqua"]
[Site "Arco ITA"]
[Date "2015.04.12"]
[Round "7"]
[White "Bruno, Fabio"]
[Black "Molnar, Bela"]
[WhiteElo "2418"]
[BlackElo "2285"]
[Result "1-0"]
[PlyCount "53"]
[EventDate "2015.04.07"]

1. d4 e6 2. Nf3 c5 3. e3 Nf6 4. Bd3 b6 5. O-O Bb7 6. c4 g6 7. Nc3 Bg7 8. d5
exd5 9. cxd5 O-O 10. e4 d6 11. Re1 Na6 12. h3 Nc7 13. Bf4 Nh5 14. Bh2 Kh8 15.
Qd2 f5 16. exf5 Nxd5 17. Be4 Nxc3 18. Bxb7 Rb8 19. Bxd6 Nb5 20. Bxf8 Qxf8 21.
Qd7 Nd6 22. Bc6 Nxf5 23. Qxa7 Nd4 24. Nxd4 Bxd4 25. Bf3 c4 26. Rad1 Rd8 27. Qe7
1-0

[Event "Open Pasqua"]
[Site "Arco ITA"]
[Date "2015.04.12"]
[Round "7"]
[White "Buck, Klaus-Michael"]
[Black "Lezzerini, Marco"]
[WhiteElo "1675"]
[BlackElo "2101"]
[Result "0-1"]
[PlyCount "64"]
[EventDate "2015.04.07"]

1. Nf3 d6 2. b3 e5 3. g3 f5 4. Bb2 Nf6 5. Bg2 Be7 6. d3 O-O 7. O-O c6 8. Nbd2
Qe8 9. c4 Nbd7 10. Qc2 Qh5 11. h3 g5 12. Nh2 Qg6 13. Qc1 Rf7 14. Re1 h5 15.
Ndf3 Nh7 16. g4 hxg4 17. hxg4 f4 18. Nf1 Ndf6 19. Bxe5 dxe5 20. Nxe5 Qh6 21.
Nxf7 Kxf7 22. f3 Bc5+ 23. e3 fxe3 24. Nxe3 Bxg4 25. Kf1 Be6 26. Qc3 Qh4 27. b4
Bd4 28. Qc2 Bxa1 29. Rxa1 Qd4 30. Re1 Rd8 31. Ng4 Nxg4 32. Rxe6 Nh2+ 0-1

[Event "Open Pasqua"]
[Site "Arco ITA"]
[Date "2015.04.12"]
[Round "7"]
[White "De Santis, Alessio"]
[Black "Modena, Giorgio"]
[WhiteElo "2284"]
[BlackElo "1947"]
[Result "1-0"]
[PlyCount "97"]
[EventDate "2015.04.07"]

1. Nf3 Nf6 2. b3 g6 3. Bb2 Bg7 4. c4 c5 5. g3 Nc6 6. Bg2 O-O 7. O-O b6 8. Nc3
Bb7 9. d4 Nxd4 10. Nxd4 Bxg2 11. Kxg2 cxd4 12. Qxd4 d6 13. Rad1 Qc8 14. Nd5 Qb7
15. f3 Nh5 16. Qe4 Kh8 17. Bxg7+ Nxg7 18. Qd4 f6 19. e4 Rad8 20. Rd2 Rd7 21.
Rfd1 e6 22. Nc3 e5 23. Qe3 Rfd8 24. h4 Qb8 25. Nd5 Rf7 26. Nb4 Qb7 27. Rd5 Rfd7
28. R5d2 Kg8 29. Nd5 Ne8 30. h5 Rg7 31. Rh1 g5 32. h6 Rg6 33. Qd3 Qf7 34. Ne3
Qf8 35. Nf5 Rd7 36. Qd5+ Qf7 37. Qa8 Qf8 38. g4 Kh8 39. Ng7 Rgxg7 40. hxg7+
Kxg7 41. Qc8 Qf7 42. Kg3 f5 43. exf5 Nf6 44. Rhd1 e4 45. Rxd6 Rxd6 46. Rxd6
exf3 47. Rc6 f2 48. Kxf2 Nxg4+ 49. Kg1 1-0

[Event "Open Pasqua"]
[Site "Arco ITA"]
[Date "2015.04.12"]
[Round "7"]
[White "La Manna, Andrea"]
[Black "Dappiano, Andrea"]
[WhiteElo "2193"]
[BlackElo "2255"]
[Result "1/2-1/2"]
[PlyCount "24"]
[EventDate "2015.04.07"]

1. f4 c5 2. Nf3 Nc6 3. b3 b6 4. Bb2 Bb7 5. e3 e6 6. g3 Nf6 7. Bg2 d6 8. d3 Be7
9. Qe2 Qc7 10. a3 O-O-O 11. Nbd2 Rhe8 12. O-O Kb8 1/2-1/2

[Event "Open Pasqua"]
[Site "Arco ITA"]
[Date "2015.04.12"]
[Round "7"]
[White "Pipitone, Antonio"]
[Black "Sbalchiero, Lorenzo"]
[WhiteElo "1960"]
[BlackElo "1592"]
[Result "1-0"]
[PlyCount "168"]
[EventDate "2015.04.07"]

1. e4 c5 2. Nf3 d6 3. d4 cxd4 4. Nxd4 Nf6 5. Nc3 g6 6. Be2 Bg7 7. Be3 Nc6 8.
O-O O-O 9. h3 a6 10. a4 Bd7 11. Qd2 Rc8 12. f4 Nxd4 13. Bxd4 Bc6 14. Bf3 e6 15.
a5 Re8 16. Rfd1 d5 17. e5 Ne4 18. Bxe4 dxe4 19. Qe3 Qh4 20. Nxe4 Bxe4 21. Qxe4
Rc4 22. c3 Bh6 23. Rf1 g5 24. Qe2 Rec8 25. fxg5 Bxg5 26. Qf3 R4c7 27. Ra4 Qh6
28. Rb4 Rb8 29. Bb6 Rd7 30. Rg4 Kh8 31. Bd4 Rg8 32. Qg3 Qg6 33. Qf3 Qh6 34. Kh1
Bd8 35. Rxg8+ Kxg8 36. b4 Qg6 37. Qf4 Bg5 38. Qg4 h5 39. Qf3 Kg7 40. g3 Bd8 41.
Kh2 Kh7 42. Rf2 Kg7 43. h4 Be7 44. Qf4 Bd8 45. Rg2 Kh7 46. Kh3 Qd3 47. Rd2 Qg6
48. g4 hxg4+ 49. Qxg4 Qxg4+ 50. Kxg4 Bc7 51. Re2 Rd8 52. Rf2 Rg8+ 53. Kf3 Rg7
54. Ke4 Bd8 55. Rf4 Kh6 56. Bf2 Kh5 57. Kf3 Bc7 58. Re4 Rg8 59. Bg3 f6 60. Bh2
f5 61. Rd4 Rg7 62. Bg3 Bb8 63. Rd8 Ba7 64. Re8 Rd7 65. Rxe6 Rd3+ 66. Kg2 Rd2+
67. Kh3 Rd3 68. Rf6 Rf3 69. Kg2 Rxc3 70. Rxf5+ Kg6 71. Rg5+ Kf7 72. h5 Rc2+ 73.
Kh3 Rc1 74. h6 Be3 75. Rf5+ Kg8 76. Rf6 Rh1+ 77. Bh2 Bd4 78. Re6 Kf7 79. Rf6+
Ke7 80. Rf5 Ke6 81. Rh5 Kf7 82. h7 Bxe5 83. Rxe5 Kg7 84. Rh5 Kh8 1-0

[Event "Open Pasqua"]
[Site "Arco ITA"]
[Date "2015.04.12"]
[Round "7"]
[White "Valenti, Giuseppe"]
[Black "Engl, Stefan"]
[WhiteElo "2052"]
[BlackElo "1976"]
[Result "1-0"]
[PlyCount "103"]
[EventDate "2015.04.07"]

1. e4 e6 2. d4 d5 3. Nd2 Nf6 4. e5 Nfd7 5. Bd3 c5 6. c3 Nc6 7. Ne2 cxd4 8. cxd4
f6 9. exf6 Nxf6 10. O-O Bd6 11. Nf3 O-O 12. Bf4 Bxf4 13. Nxf4 Ne4 14. Qc1 Qf6
15. Ne2 Nd6 16. Qd2 Bd7 17. Rac1 e5 18. dxe5 Nxe5 19. Nxe5 Qxe5 20. Rcd1 Bc6
21. Nd4 Kh8 22. Bc2 Rad8 23. Rfe1 Qf6 24. Ne6 Nc4 25. Qd3 g6 26. Nxf8 Nxb2 27.
Nxg6+ hxg6 28. Qd4 Rf8 29. Qxf6+ Rxf6 30. Rd4 Nc4 31. f3 Kg8 32. Rg4 Kf7 33.
Rh4 Nd6 34. Bb3 Nf5 35. Rf4 g5 36. Rg4 Kg6 37. Bc2 Kh5 38. Re5 Bd7 39. Rxd5 Be6
40. Re5 Kh6 41. Rxe6 Rxe6 42. Bxf5 Re5 43. Bd3 Rd5 44. Bc4 Rc5 45. h4 gxh4 46.
Rxh4+ Kg5 47. Rd4 Kf6 48. Kf2 b5 49. Bb3 Ke5 50. Re4+ Kf6 51. Re6+ Kf5 52. Ra6
1-0